| 000 | 00583nam a22002177a 4500 | ||
|---|---|---|---|
| 003 | OSt | ||
| 005 | 20140310183037.0 | ||
| 008 | 130219t xxu||||| |||| 00| 0 eng d | ||
| 020 | _a9712342743 | ||
| 050 |
_aQR63 _b.T114 2005 |
||
| 082 |
_aFIL 574 _bT11 2005 |
||
| 245 |
_aLaboratory manual in microbiology _cTabo, Norbel A. |
||
| 260 |
_aManila _b Rex Book Store _cc2005 |
||
| 300 |
_axviii, 228 p. _b ill. (some col.) _c26 cm. |
||
| 521 | _acollege students | ||
| 526 | _c1210L-1700L | ||
| 541 | _j1 | ||
| 541 | _j2 | ||
| 562 | _e2 | ||
| 942 |
_2lcc _cBK _kFIL |
||
| 999 |
_c18491 _d18491 |
||